| 000 | 00565nam a22001937a 4500 | ||
|---|---|---|---|
| 003 | KOHA_MİRAKIL | ||
| 005 | 20260324110318.0 | ||
| 008 | 260324b tu ||||| |||| 00| 0 tur d | ||
| 020 | _a9786257163132 | ||
| 040 |
_aTR-AnABB _btur _cTR-AnABB |
||
| 041 | _atur | ||
| 082 |
_a320.53 _bADA 2020 |
||
| 100 | _aAdanır, Oğuz | ||
| 245 | 1 | 0 |
_aDüşünce yapımız ve demokrasi üzerine notlar / _cOğuz Adanır |
| 260 |
_aİstanbul : _bCem Yayınevi, _c2020 |
||
| 300 |
_a320 sayfa ; _c20 cm |
||
| 650 | 0 | 4 | _aSiyasi düşünce tarihi |
| 942 |
_2ddc _cBK |
||
| 999 |
_c10001 _d10001 |
||
| 900 | _bCan ÇELIK | ||